[Event "XtraCon-Skakligaen"]
[Site "Denmark"]
[Date "2011.10.29"]
[Round "1.1"]
[White "Schandorff, Lars"]
[Black "Matthiesen, Arne"]
[Result "1-0"]
[WhiteElo "2494"]
[BlackElo "2316"]
[PlyCount "77"]
[EventDate "2011.10.29"]
[EventType "team-tourn"]
[EventRounds "9"]
[WhiteTeam "Sydostfyn"]
[BlackTeam "SK1968"]
[WhiteTeamCountry "DEN"]
[BlackTeamCountry "DEN"]

1. d4 d6 2. e4 Nf6 3. f3 g6 4. c4 Bg7 5. Nc3 O-O 6. Be3 c5 7. Nge2 cxd4 8. Nxd4
Nc6 9. Be2 Bd7 10. Qd2 Nxd4 11. Bxd4 a5 12. O-O Bc6 13. b3 Nd7 14. Be3 Nc5 15.
Rab1 Be5 16. Rfc1 e6 17. Bf1 Qe7 18. Ne2 f5 19. exf5 gxf5 20. Re1 b6 21. Nd4
Bb7 22. a3 f4 23. Bf2 Qf6 24. b4 axb4 25. axb4 Na4 26. Rbd1 Rfd8 27. Qc2 Rd7
28. Rd2 Rdd8 29. Red1 Rdc8 30. Qb3 Kh8 31. Ra2 Bxd4 32. Bxd4 e5 33. Rxa4 exd4
34. Rxa8 Rxa8 35. Qd3 Ra4 36. b5 d5 37. Qxd4 Qxd4+ 38. Rxd4 dxc4 39. Rd8+ 1-0

[Event "XtraCon-Skakligaen"]
[Site "Denmark"]
[Date "2011.10.29"]
[Round "1.2"]
[White "Rewitz, Poul"]
[Black "Aagaard, Jacob"]
[Result "0-1"]
[WhiteElo "2298"]
[BlackElo "2522"]
[PlyCount "96"]
[EventDate "2011.10.29"]
[EventType "team-tourn"]
[EventRounds "9"]
[WhiteTeam "SK1968"]
[BlackTeam "Sydostfyn"]
[WhiteTeamCountry "DEN"]
[BlackTeamCountry "DEN"]

1. d4 d5 2. c4 e6 3. Nc3 c5 4. cxd5 exd5 5. Nf3 Nc6 6. Bg5 Be7 7. Bxe7 Ngxe7 8.
e3 c4 9. Be2 O-O 10. O-O b5 11. Nxb5 Rb8 12. Nc3 Rxb2 13. Na4 Rb4 14. Nc5 h6
15. h3 Bf5 16. Qc1 Qa5 17. g4 Bh7 18. g5 hxg5 19. Nxg5 Bf5 20. Bg4 g6 21. Qd1
Qd8 22. Qf3 Qd6 23. h4 Kg7 24. Kg2 c3 25. Rac1 Bxg4 26. Qxg4 Qxc5 27. a3 Rc4
28. Qf4 Nxd4 29. exd4 Qxd4 30. Qxd4+ Rxd4 31. Rxc3 Rxh4 32. f4 Nf5 33. Rc7 Ne3+
34. Kg3 Rg4+ 35. Kf3 Rxg5 36. Kxe3 Rg3+ 37. Kd4 Rxa3 38. f5 Ra4+ 39. Kxd5 Ra5+
40. Ke4 Re8+ 41. Kd4 Rd8+ 42. Ke4 Re8+ 43. Kd4 Rxf5 44. Rxf5 gxf5 45. Rxa7 Kg6
46. Kd3 f4 47. Ra4 Kg5 48. Ra7 f6 0-1

[Event "XtraCon-Skakligaen"]
[Site "Denmark"]
[Date "2011.10.29"]
[Round "1.3"]
[White "Pedersen, Steffen"]
[Black "Matthiesen, Martin"]
[Result "1/2-1/2"]
[WhiteElo "2431"]
[BlackElo "2277"]
[PlyCount "55"]
[EventDate "2011.10.29"]
[EventType "team-tourn"]
[EventRounds "9"]
[WhiteTeam "Sydostfyn"]
[BlackTeam "SK1968"]
[WhiteTeamCountry "DEN"]
[BlackTeamCountry "DEN"]

1. d4 Nf6 2. c4 e6 3. Nf3 b6 4. a3 Bb7 5. Nc3 d5 6. cxd5 Nxd5 7. Qc2 Be7 8. e4
Nxc3 9. bxc3 O-O 10. Bd3 c5 11. O-O cxd4 12. cxd4 Qc8 13. Qe2 Ba6 14. Rd1 Bxd3
15. Rxd3 Nd7 16. Bb2 Qa6 17. Ne1 Rfe8 18. Rad1 Nf6 19. Qf3 Qb5 20. Ba1 Qh5 21.
Qxh5 Nxh5 22. Rc3 Nf6 23. f3 Rec8 24. Rdc1 Rxc3 25. Rxc3 b5 26. Nd3 Bf8 27. Ne5
Ne8 28. Rb3 1/2-1/2

[Event "XtraCon-Skakligaen"]
[Site "Denmark"]
[Date "2011.10.29"]
[Round "1.4"]
[White "Lindfeldt, Jan Magnus"]
[Black "Nordenbaek, Jan"]
[Result "1-0"]
[WhiteElo "2246"]
[BlackElo "2252"]
[PlyCount "67"]
[EventDate "2011.10.29"]
[EventType "team-tourn"]
[EventRounds "9"]
[WhiteTeam "SK1968"]
[BlackTeam "Sydostfyn"]
[WhiteTeamCountry "DEN"]
[BlackTeamCountry "DEN"]

1. e4 e5 2. Nf3 Nc6 3. Bb5 a6 4. Ba4 Nf6 5. O-O Be7 6. Re1 b5 7. Bb3 d6 8. c3
O-O 9. h3 Na5 10. Bc2 c5 11. d4 Qc7 12. Nbd2 Bd7 13. dxe5 dxe5 14. Nf1 Rad8 15.
Qe2 Rfe8 16. Ne3 c4 17. Nd5 Nxd5 18. exd5 Bd6 19. Ng5 h6 20. Bh7+ Kh8 21. Qh5
Bc8 22. Bc2 Kg8 23. Be3 Rf8 24. Nh7 f5 25. Nxf8 Rxf8 26. f4 Bc5 27. Qf3 exf4
28. Bxc5 Qxc5+ 29. Kh2 Nb7 30. Rad1 Qd6 31. Re6 Bxe6 32. dxe6 Qb8 33. e7 Rf7
34. Rd8+ 1-0

[Event "XtraCon-Skakligaen"]
[Site "Denmark"]
[Date "2011.10.29"]
[Round "1.5"]
[White "Nielsen, Niels-Peter"]
[Black "Hansen, Lars"]
[Result "1-0"]
[WhiteElo "2161"]
[BlackElo "2245"]
[PlyCount "119"]
[EventDate "2011.10.29"]
[EventType "team-tourn"]
[EventRounds "9"]
[WhiteTeam "Sydostfyn"]
[BlackTeam "SK1968"]
[WhiteTeamCountry "DEN"]
[BlackTeamCountry "DEN"]

1. f4 g6 2. Nf3 Bg7 3. g3 c5 4. Bg2 Nc6 5. O-O d6 6. c3 e5 7. d3 Nge7 8. e4 O-O
9. Be3 exf4 10. gxf4 h6 11. Nbd2 b6 12. d4 f5 13. e5 Nd5 14. Qe1 Ba6 15. Rf2
Nce7 16. exd6 Qxd6 17. Ne5 cxd4 18. Bxd4 Rae8 19. Nec4 Qd7 20. Bxg7 Kxg7 21.
Qe5+ Kh7 22. Nd6 Rd8 23. Bxd5 Nxd5 24. Qxd5 Qxd6 25. Qxd6 Rxd6 26. Re1 Kg7 27.
Nf3 Kf6 28. Nd4 Bd3 29. h4 Be4 30. Rd2 Rfd8 31. Kf2 Rh8 32. Nf3 Rhd8 33. Red1
Ke6 34. Rxd6+ Rxd6 35. Rxd6+ Kxd6 36. Ne5 Bb1 37. a3 Kc5 38. Ke3 Be4 39. Nxg6
Kc4 40. Kd2 Kb3 41. Kc1 a6 42. Ne5 h5 43. Nd7 Kc4 44. Nxb6+ Kd3 45. c4 Ke3 46.
Nd5+ Kf2 47. Nf6 Kf3 48. Kd2 Bc6 49. Nxh5 Kg4 50. Ng7 Kxf4 51. h5 Kg5 52. h6
Kxh6 53. Nxf5+ Kg5 54. Nd4 Bd7 55. Ke3 Kf6 56. Kf4 Bc8 57. b4 Ke7 58. Ke5 Bb7
59. Nb3 Bc8 60. Nc5 1-0

[Event "XtraCon-Skakligaen"]
[Site "Denmark"]
[Date "2011.10.29"]
[Round "1.6"]
[White "Hansen, Bjarne"]
[Black "Strandby, Martin"]
[Result "1-0"]
[WhiteElo "2235"]
[BlackElo "2214"]
[PlyCount "97"]
[EventDate "2011.10.29"]
[EventType "team-tourn"]
[EventRounds "9"]
[WhiteTeam "SK1968"]
[BlackTeam "Sydostfyn"]
[WhiteTeamCountry "DEN"]
[BlackTeamCountry "DEN"]

1. d4 d6 2. Nf3 Bg4 3. c4 Bxf3 4. gxf3 g6 5. Qb3 b6 6. Bg2 c6 7. f4 Bg7 8. e3
Nh6 9. h4 Nf5 10. h5 e6 11. Nc3 Nh4 12. Be4 f5 13. Bd3 Nd7 14. Qa3 Bf8 15. Qa4
c5 16. dxc5 bxc5 17. Be2 Be7 18. Rh3 Rg8 19. hxg6 hxg6 20. Qc6 Rc8 21. Qb7 Rh8
22. Qh1 Kf7 23. b3 Bf6 24. Bb2 Qa5 25. Kd2 Rh6 26. Kc2 Rch8 27. Qb7 Ke7 28. Qb5
Qc7 29. Qa6 Qb6 30. Qxb6 axb6 31. Rah1 Nf8 32. Na4 Bxb2 33. Kxb2 Nd7 34. Bf3 e5
35. Bc6 Nf6 36. Nxb6 Ng4 37. Nd5+ Kd8 38. fxe5 Nxf2 39. e6 Nxh3 40. e7+ Kc8 41.
Rxh3 g5 42. e8=Q+ Rxe8 43. Bxe8 g4 44. Rh1 g3 45. Rh3 Kd8 46. Bf7 Rh7 47. Nf4
Rxf7 48. Rxh4 Ke7 49. a4 1-0

[Event "XtraCon-Skakligaen"]
[Site "Denmark"]
[Date "2011.10.29"]
[Round "1.7"]
[White "Nohr, Finn"]
[Black "Christensen, Thomas"]
[Result "0-1"]
[WhiteElo "2110"]
[BlackElo "2257"]
[PlyCount "44"]
[EventDate "2011.10.29"]
[EventType "team-tourn"]
[EventRounds "9"]
[WhiteTeam "Sydostfyn"]
[BlackTeam "SK1968"]
[WhiteTeamCountry "DEN"]
[BlackTeamCountry "DEN"]

1. e4 c5 2. c3 Nf6 3. e5 Nd5 4. Nf3 e6 5. Bc4 Nb6 6. Bb3 d5 7. d4 Be7 8. O-O
O-O 9. Bc2 Bd7 10. Qd3 g6 11. dxc5 Bxc5 12. Bh6 Re8 13. Ng5 Nc6 14. Re1 Nc4 15.
Qg3 N4xe5 16. Kh1 Qb6 17. Nxh7 Kxh7 18. Qh3 Rh8 19. b4 Kg8 20. Nd2 Bf8 21. Be3
Rxh3 22. Bxb6 Rxc3 0-1

[Event "XtraCon-Skakligaen"]
[Site "Denmark"]
[Date "2011.10.29"]
[Round "1.1"]
[White "Nielsen, Peter Heine"]
[Black "Hagen, Andreas Skytte"]
[Result "1-0"]
[WhiteElo "2687"]
[BlackElo "2454"]
[PlyCount "65"]
[EventDate "2011.10.29"]
[EventType "team-tourn"]
[EventRounds "9"]
[WhiteTeam "Jetsmark"]
[BlackTeam "K41"]
[WhiteTeamCountry "DEN"]
[BlackTeamCountry "DEN"]

1. d4 Nf6 2. c4 e6 3. Nc3 Bb4 4. Qc2 O-O 5. a3 Bxc3+ 6. Qxc3 b6 7. Nf3 Ba6 8.
b4 d6 9. e3 Nbd7 10. Be2 c5 11. dxc5 bxc5 12. O-O Rc8 13. b5 Bb7 14. Bb2 Qc7
15. a4 Rfe8 16. a5 Ba8 17. Nd2 Ne5 18. Rfd1 Qb7 19. f3 Red8 20. Nf1 Kf8 21. Rd2
Ke7 22. Ng3 h5 23. Rxd6 Rxd6 24. Qxe5 Rd2 25. Bc3 Rc2 26. Nf5+ Kf8 27. Nd6 Qd7
28. Nxc8 Rxe2 29. Qxc5+ Kg8 30. Nd6 h4 31. h3 e5 32. e4 Nh5 33. Bxe5 1-0

[Event "XtraCon-Skakligaen"]
[Site "Denmark"]
[Date "2011.10.29"]
[Round "1.2"]
[White "Nilssen, John Arni"]
[Black "Rasmussen, Allan Stig"]
[Result "1/2-1/2"]
[WhiteElo "2378"]
[BlackElo "2541"]
[PlyCount "79"]
[EventDate "2011.10.29"]
[EventType "team-tourn"]
[EventRounds "9"]
[WhiteTeam "K41"]
[BlackTeam "Jetsmark"]
[WhiteTeamCountry "DEN"]
[BlackTeamCountry "DEN"]

1. d4 d5 2. c4 dxc4 3. e3 e6 4. Bxc4 Nf6 5. Nf3 a6 6. O-O c5 7. dxc5 Bxc5 8.
Qxd8+ Kxd8 9. Be2 Ke7 10. Nbd2 Rd8 11. Ne5 Kf8 12. Nb3 Be7 13. Nc4 Nbd7 14. Rd1
Rb8 15. f3 b6 16. e4 e5 17. Be3 a5 18. a4 Bb7 19. Nd6 Bxd6 20. Rxd6 Ne8 21. Rd2
Ke7 22. Bb5 Nd6 23. Rad1 Nxb5 24. axb5 a4 25. Nc1 Nc5 26. Bxc5+ bxc5 27. Nd3
Bc8 28. Nxc5 Rxd2 29. Rxd2 a3 30. bxa3 Rxb5 31. Rc2 Kd6 32. Nd3 Rb1+ 33. Kf2
Be6 34. Rc3 h5 35. g3 g5 36. Ke3 Rh1 37. Rc2 Ra1 38. Rc3 Rh1 39. Rc2 Ra1 40.
Rc3 1/2-1/2

[Event "XtraCon-Skakligaen"]
[Site "Denmark"]
[Date "2011.10.29"]
[Round "1.3"]
[White "Glud, Jakob Vang"]
[Black "Greger, Roland Reinhard"]
[Result "1-0"]
[WhiteElo "2496"]
[BlackElo "2380"]
[PlyCount "95"]
[EventDate "2011.10.29"]
[EventType "team-tourn"]
[EventRounds "9"]
[WhiteTeam "Jetsmark"]
[BlackTeam "K41"]
[WhiteTeamCountry "DEN"]
[BlackTeamCountry "DEN"]

1. c4 e5 2. g3 Nf6 3. Bg2 d5 4. cxd5 Nxd5 5. Nf3 Nc6 6. O-O Nb6 7. Nc3 Be7 8.
a3 Be6 9. b4 a5 10. b5 Nd4 11. Nxd4 exd4 12. Na4 Bd5 13. Bxd5 Qxd5 14. Bb2 O-O
15. Nxb6 cxb6 16. Qa4 Bc5 17. Rac1 Rad8 18. Qc4 Rfe8 19. Rfe1 Qf5 20. Qb3 Re6
21. Qf3 Qxf3 22. exf3 Rde8 23. Rxe6 fxe6 24. a4 e5 25. d3 Kf7 26. Kf1 g6 27.
Rc2 Rf8 28. Bc1 Bd6 29. Bh6 Rd8 30. Rc4 Ke6 31. Kg2 Kd5 32. Kh3 Re8 33. Rc2 Bb8
34. Kg4 Bd6 35. h4 Re7 36. h5 gxh5+ 37. Kxh5 Rf7 38. Kg4 Bb4 39. Rc8 Be1 40.
Rd8+ Ke6 41. Re8+ Kd6 42. f4 Bxf2 43. Rxe5 Be3 44. Kf3 Kd7 45. Ke4 Kc7 46. Re6
Bf2 47. g4 Be3 48. f5 1-0

[Event "XtraCon-Skakligaen"]
[Site "Denmark"]
[Date "2011.10.29"]
[Round "1.4"]
[White "Schmidt, Kristen"]
[Black "Pedersen, Christian Kyndel"]
[Result "1/2-1/2"]
[WhiteElo "2303"]
[BlackElo "2416"]
[PlyCount "177"]
[EventDate "2011.10.29"]
[EventType "team-tourn"]
[EventRounds "9"]
[WhiteTeam "K41"]
[BlackTeam "Jetsmark"]
[WhiteTeamCountry "DEN"]
[BlackTeamCountry "DEN"]

1. e4 c5 2. Nf3 e6 3. b3 a6 4. Bb2 Nc6 5. d4 cxd4 6. Nxd4 Qf6 7. c3 Bc5 8. Nf3
Qg6 9. Nbd2 Nf6 10. Qe2 O-O 11. h3 d5 12. e5 Qc2 13. Nb1 Qxe2+ 14. Bxe2 Nd7 15.
O-O Ndxe5 16. Nxe5 Nxe5 17. c4 d4 18. Rd1 Nc6 19. a3 a5 20. Nd2 f5 21. b4 axb4
22. Nb3 Be7 23. axb4 Rxa1 24. Rxa1 Nxb4 25. Nxd4 Bf6 26. Rb1 e5 27. Nb5 Nc6 28.
Nd6 Rd8 29. c5 Be7 30. Bc4+ Kf8 31. Ba3 Bxd6 32. cxd6 Ke8 33. f4 e4 34. Kf2 Kd7
35. Ke3 Na5 36. Bd5 h5 37. g4 hxg4 38. hxg4 Rh8 39. Bb4 Nc6 40. Bxc6+ Kxc6 41.
gxf5 Bxf5 42. Rc1+ Kb6 43. Bc5+ Kc6 44. Ba3+ Kd5 45. Rc5+ Ke6 46. Re5+ Kf6 47.
Bb2 Rh3+ 48. Kd4 Rb3 49. Bc3 b5 50. Rxf5+ Kxf5 51. d7 Rb1 52. Ke3 Rb3 53. Kd4
Rb1 54. Kc5 Rc1 55. d8=Q Rxc3+ 56. Kb4 Rf3 57. Qg5+ Ke6 58. Qe5+ Kf7 59. Qxe4
Rg3 60. Kxb5 Rg6 61. Kc5 Rf6 62. Kd5 Kf8 63. Ke5 Kf7 64. f5 Kg8 65. Qb7 Kh7 66.
Qc8 Rb6 67. Qe6 Rb5+ 68. Kf4 Rb1 69. Qg6+ Kh8 70. Qg2 Rb4+ 71. Kg5 Rb6 72. Qh2+
Kg8 73. Qc7 Rf6 74. Qc4+ Kf8 75. Qc5+ Kf7 76. Qc8 Rh6 77. Kf4 Rh4+ 78. Ke5 Rh6
79. Qd8 Rh2 80. Qc7+ Kf8 81. Qc4 Rh6 82. Qc7 Rh2 83. Qa7 Rh6 84. Qd7 Rh2 85.
Qc8+ Kf7 86. Qe6+ Kf8 87. Qc8+ Kf7 88. Qd7+ Kf8 89. Qc8+ 1/2-1/2

[Event "XtraCon-Skakligaen"]
[Site "Denmark"]
[Date "2011.10.29"]
[Round "1.5"]
[White "Christensen, Stefan"]
[Black "Christensen, Bo Garner"]
[Result "1-0"]
[WhiteElo "2278"]
[BlackElo "2277"]
[PlyCount "71"]
[EventDate "2011.10.29"]
[EventType "team-tourn"]
[EventRounds "9"]
[WhiteTeam "Jetsmark"]
[BlackTeam "K41"]
[WhiteTeamCountry "DEN"]
[BlackTeamCountry "DEN"]

1. e4 c5 2. c3 Nf6 3. e5 Nd5 4. d4 cxd4 5. Nf3 e6 6. Bc4 Nb6 7. Bb3 dxc3 8.
Nxc3 d5 9. exd6 Bxd6 10. O-O Nc6 11. Qe2 O-O 12. Rd1 Qe7 13. Be3 Bc5 14. Bxc5
Qxc5 15. Rac1 Qh5 16. h3 Ne7 17. Rd4 Ng6 18. Ne4 e5 19. Ng3 Qh6 20. Rdd1 Bxh3
21. gxh3 Nf4 22. Qxe5 Rae8 23. Qd6 Nxh3+ 24. Kf1 Re6 25. Bxe6 fxe6 26. Qe7 Nd5
27. Qh4 Ne3+ 28. Ke2 Nf4+ 29. Kd2 Qg6 30. Ne5 Qe8 31. fxe3 Ng2 32. Qe4 Rf2+ 33.
Ne2 g6 34. Rf1 Qd8+ 35. Nd3 Qa5+ 36. Qb4 1-0

[Event "XtraCon-Skakligaen"]
[Site "Denmark"]
[Date "2011.10.29"]
[Round "1.7"]
[White "Wiwe, Andreas"]
[Black "Andreasen, Joan Hendrik"]
[Result "1/2-1/2"]
[WhiteElo "2273"]
[BlackElo "2256"]
[PlyCount "140"]
[EventDate "2011.10.29"]
[EventType "team-tourn"]
[EventRounds "9"]
[WhiteTeam "Jetsmark"]
[BlackTeam "K41"]
[WhiteTeamCountry "DEN"]
[BlackTeamCountry "DEN"]

1. e4 e6 2. d4 d5 3. Nc3 Nf6 4. e5 Nfd7 5. f4 c5 6. Nf3 Nc6 7. Be3 Be7 8. Qd2
O-O 9. Qf2 f6 10. exf6 Nxf6 11. Qd2 Ne4 12. Nxe4 dxe4 13. Ne5 Nxd4 14. O-O-O
Qc7 15. g3 Nc6 16. Nxc6 Qxc6 17. Qc3 b5 18. Bh3 c4 19. Qe5 Bf6 20. Rd6 Qc7 21.
Bxe6+ Kh8 22. Qc5 Qa5 23. Bxc4 Be7 24. Bd5 Rb8 25. Bd2 Bxd6 26. Qxd6 Qd8 27.
Bb4 Bb7 28. Bxb7 Rf7 29. Bxe4 Rd7 30. Qe5 a5 31. Bxa5 Qg8 32. Bc3 b4 33. Bd4
Re8 34. Qb5 Rxd4 35. Bd3 Qe6 36. Qh5 g6 37. Qf3 Qxa2 38. Qc6 Qe6 39. Qxe6 Rxe6
40. b3 Kg7 41. Kd2 Kf6 42. Ra1 Rc6 43. Ra7 h5 44. h4 Rdd6 45. Ra5 Rc3 46. Ke3
Re6+ 47. Kd2 Rd6 48. Rb5 Rd4 49. Rb6+ Kf7 50. Ke3 Rdxd3+ 51. cxd3 Rxb3 52. Kd4
Rb1 53. Ke5 Re1+ 54. Kd5 Rb1 55. Kc4 Rg1 56. Rxb4 Rxg3 57. Kd4 Rh3 58. Ke4 Rxh4
59. Ke5 Rh1 60. Rb7+ Ke8 61. Ke6 Re1+ 62. Kf6 Rf1 63. Kxg6 Rxf4 64. Kxh5 Rf3
65. Rb3 Rg3 66. Kh4 Rg1 67. Rb4 Ke7 68. Rg4 Rxg4+ 69. Kxg4 Ke6 70. Kf4 Kd5
1/2-1/2

[Event "XtraCon-Skakligaen"]
[Site "Denmark"]
[Date "2011.10.29"]
[Round "1.8"]
[White "Laursen, Niels Norskov"]
[Black "Jensen, Bjarke"]
[Result "1-0"]
[WhiteElo "2256"]
[BlackElo "2292"]
[PlyCount "60"]
[EventDate "2011.10.29"]
[EventType "team-tourn"]
[EventRounds "9"]
[WhiteTeam "K41"]
[BlackTeam "Jetsmark"]
[WhiteTeamCountry "DEN"]
[BlackTeamCountry "DEN"]

1. e4 Nf6 2. e5 Nd5 3. d4 d6 4. Nf3 dxe5 5. Nxe5 g6 6. Be2 Bg7 7. O-O O-O 8. c4
Nb4 9. a3 N4c6 10. Nxc6 Nxc6 11. d5 Nd4 12. Nc3 e5 13. Re1 c6 14. Be3 cxd5 15.
Nxd5 Be6 16. Bxd4 exd4 17. Qb3 Rb8 18. Bf3 b5 19. c5 Rc8 20. c6 Rxc6 21. Ne7+
Qxe7 22. Bxc6 Qd6 23. Qf3 d3 24. Rad1 d2 25. Re2 Bh6 26. Bxb5 Rc8 27. Ba4 Qd4
28. Bb3 Bxb3 29. Qxb3 Rc1 30. g3 Bf8 1-0

[Event "XtraCon-Skakligaen"]
[Site "Denmark"]
[Date "2011.10.29"]
[Round "1.1"]
[White "Borge, Nikolaj"]
[Black "Danielsen, Henrik"]
[Result "1-0"]
[WhiteElo "2408"]
[BlackElo "2543"]
[PlyCount "80"]
[EventDate "2011.10.29"]
[EventType "team-tourn"]
[EventRounds "9"]
[WhiteTeam "Hillerod"]
[BlackTeam "BMS"]
[WhiteTeamCountry "DEN"]
[BlackTeamCountry "DEN"]

1. e4 e6 2. d3 c5 3. g3 Nc6 4. Bg2 g6 5. c3 d5 6. Qe2 Nge7 7. Nf3 Bg7 8. h4 h6
9. Na3 b6 10. e5 Ba6 11. O-O Qc7 12. Re1 Rc8 13. Rb1 Nb4 14. cxb4 cxb4 15. Qd1
b5 16. Qb3 bxa3 17. Qxa3 Qb7 18. b4 Nc6 19. Bb2 O-O 20. Nd2 Qb6 21. Nb3 Rfd8
22. d4 Bb7 23. Rec1 Bf8 24. Nc5 a5 25. Bc3 axb4 26. Bxb4 Nxd4 27. Nxb7 Rxc1+
28. Rxc1 Qxb7 29. Bxf8 Rxf8 30. Rb1 Ra8 31. Qd3 Qb6 32. Rb2 Qc5 33. Bf1 Ra3 34.
Qb1 Rc3 35. Kg2 Rc1 36. Qd3 b4 37. a3 bxa3 38. Rb8+ Kg7 39. Qa6 Nc6 40. Rc8 a2
1-0

[Event "XtraCon-Skakligaen"]
[Site "Denmark"]
[Date "2011.10.29"]
[Round "1.3"]
[White "Ostergaard, Jens"]
[Black "Mikkelsen, Nikolaj"]
[Result "1/2-1/2"]
[WhiteElo "2260"]
[BlackElo "2384"]
[PlyCount "99"]
[EventDate "2011.10.29"]
[EventType "team-tourn"]
[EventRounds "9"]
[WhiteTeam "Hillerod"]
[BlackTeam "BMS"]
[WhiteTeamCountry "DEN"]
[BlackTeamCountry "DEN"]

1. d4 Nf6 2. Nf3 e6 3. c4 Nc6 4. Nc3 Bb4 5. Qc2 d6 6. a3 Bxc3+ 7. Qxc3 a5 8. b3
O-O 9. g3 Re8 10. Bg2 e5 11. d5 Ne7 12. O-O Bd7 13. Bb2 Qc8 14. Ng5 h6 15. Ne4
Nxe4 16. Bxe4 Bh3 17. Bg2 Bxg2 18. Kxg2 Qg4 19. Rae1 c6 20. f3 Qg6 21. dxc6
bxc6 22. e4 c5 23. Rd1 Rab8 24. Rd3 f5 25. Rfd1 fxe4 26. Rxd6 exf3+ 27. Qxf3
Qc2+ 28. R1d2 Qf5 29. Qe3 Rf8 30. Rf2 Qxf2+ 31. Qxf2 Rxf2+ 32. Kxf2 e4 33. Re6
Nf5 34. Rxe4 Rxb3 35. Be5 Rxa3 36. g4 Ra2+ 37. Kf3 Nh4+ 38. Kg3 g5 39. Bd6 Rg2+
40. Kh3 Rc2 41. Re8+ Kf7 42. Ra8 Rxc4 43. Rxa5 Rc3+ 44. Bg3 Ng6 45. Ra7+ Ne7
46. Kg2 Rd3 47. Rc7 Rd4 48. h3 c4 49. Bf2 Re4 50. Bc5 1/2-1/2

[Event "XtraCon-Skakligaen"]
[Site "Denmark"]
[Date "2011.10.29"]
[Round "1.4"]
[White "Sahl, Bjarke"]
[Black "Pedersen, Martin Rosenkilde"]
[Result "1-0"]
[WhiteElo "2343"]
[BlackElo "2186"]
[PlyCount "79"]
[EventDate "2011.10.29"]
[EventType "team-tourn"]
[EventRounds "9"]
[WhiteTeam "BMS"]
[BlackTeam "Hillerod"]
[WhiteTeamCountry "DEN"]
[BlackTeamCountry "DEN"]

1. d4 f5 2. Nf3 Nf6 3. g3 g6 4. Bg2 Bg7 5. O-O O-O 6. c4 d6 7. Nc3 e6 8. Qb3
Nc6 9. d5 Ne5 10. Nd4 exd5 11. cxd5 Qe7 12. Bg5 h6 13. Bxf6 Rxf6 14. Ne6 Bxe6
15. Qxb7 Rff8 16. dxe6 Rab8 17. Nd5 Qxe6 18. Nxc7 Qd7 19. Qd5+ Rf7 20. Ne6 Rxb2
21. Nxg7 Rb5 22. Qd4 Rxg7 23. Rfd1 Rb6 24. Rab1 Rxb1 25. Rxb1 Qd8 26. Rb5 Rd7
27. Qb2 Qe7 28. Rb8+ Kh7 29. Bd5 Rd8 30. Rb7 Rd7 31. Rb8 Rd8 32. Rb4 Rd7 33. h3
Qg7 34. Rb8 Nf7 35. Qb5 Rc7 36. Qe8 g5 37. e4 f4 38. Be6 Ne5 39. Bf5+ Ng6 40.
Qe6 1-0

[Event "XtraCon-Skakligaen"]
[Site "Denmark"]
[Date "2011.10.29"]
[Round "1.5"]
[White "Andersen, Ib Hother"]
[Black "Akdag, Dara Sevkan"]
[Result "1/2-1/2"]
[WhiteElo "2183"]
[BlackElo "2218"]
[PlyCount "146"]
[EventDate "2011.10.29"]
[EventType "team-tourn"]
[EventRounds "9"]
[WhiteTeam "Hillerod"]
[BlackTeam "BMS"]
[WhiteTeamCountry "DEN"]
[BlackTeamCountry "DEN"]

1. e4 c5 2. Nf3 d6 3. d4 cxd4 4. Nxd4 Nf6 5. Nc3 g6 6. Be3 Bg7 7. f3 a6 8. Qd2
Nbd7 9. g4 h6 10. O-O-O b5 11. Bd3 Bb7 12. Kb1 Rc8 13. Nce2 Ne5 14. h3 d5 15.
Ng3 dxe4 16. Nxe4 Nxe4 17. Bxe4 Bxe4 18. fxe4 Nc4 19. Qf2 Qc7 20. Bc1 Qc5 21.
Rhf1 O-O 22. Nb3 Qe5 23. Qf4 Qe6 24. Rd5 a5 25. Nd2 Qb6 26. Nxc4 bxc4 27. Qe3
Qb7 28. c3 a4 29. a3 Rc6 30. Rfd1 Rb6 31. Rd7 Qb8 32. Rxe7 Rb3 33. e5 Rxa3 34.
Qa7 Rb3 35. Qxb8 Rfxb8 36. Kc2 R3b5 37. Rd4 Bf8 38. Red7 Rxe5 39. Rxc4 a3 40.
bxa3 Re2+ 41. Rd2 Re1 42. Rcd4 Rh1 43. Rd8 Rb6 44. Re2 Kg7 45. Bxh6+ Kxh6 46.
Rxf8 Kg5 47. Rxf7 Rxh3 48. Re5+ Kxg4 49. Re4+ Kg5 50. Ref4 Rh2+ 51. Rf2 Rh4 52.
Rf8 Ra4 53. Rd8 Rxa3 54. Kd3 Rc6 55. Rc2 Kg4 56. Kd4 Ra1 57. Rd2 Rc1 58. Rd3 g5
59. Rd5 Kf4 60. Rd8 Rf6 61. c4 g4 62. Rc3 Re1 63. c5 Rd1+ 64. Rd3 Rxd3+ 65.
Kxd3 Rc6 66. Kd4 g3 67. Rf8+ Kg5 68. Rg8+ Rg6 69. Rxg6+ Kxg6 70. Ke3 Kf6 71.
Kf3 Ke5 72. Kxg3 Kd5 73. c6 Kxc6 1/2-1/2

[Event "XtraCon-Skakligaen"]
[Site "Denmark"]
[Date "2011.10.29"]
[Round "1.6"]
[White "Nielsen, Thomas Bach"]
[Black "Svenninggaard, Thomas"]
[Result "1/2-1/2"]
[WhiteElo "2219"]
[BlackElo "2163"]
[PlyCount "54"]
[EventDate "2011.10.29"]
[EventType "team-tourn"]
[EventRounds "9"]
[WhiteTeam "BMS"]
[BlackTeam "Hillerod"]
[WhiteTeamCountry "DEN"]
[BlackTeamCountry "DEN"]

1. d4 d6 2. c4 Nf6 3. Nc3 g6 4. e4 Bg7 5. h3 O-O 6. Nf3 Na6 7. Bg5 c5 8. d5 Qa5
9. Bd3 Nb4 10. O-O Nxd3 11. Qxd3 Rb8 12. Rfe1 a6 13. a4 Qc7 14. Qd2 Bd7 15. e5
dxe5 16. Nxe5 Rbd8 17. Re2 b5 18. Nxd7 Qxd7 19. axb5 axb5 20. Nxb5 Qf5 21. Qf4
Qd3 22. Rxe7 Nxd5 23. cxd5 Qxb5 24. Rd1 Qxb2 25. Rc7 Qb3 26. Qd2 Bd4 27. Bxd8
Rxd8 1/2-1/2

[Event "XtraCon-Skakligaen"]
[Site "Denmark"]
[Date "2011.10.29"]
[Round "1.8"]
[White "Pedersen, Sven"]
[Black "Nilsson, Lars Kjoller"]
[Result "0-1"]
[WhiteElo "2139"]
[BlackElo "2036"]
[PlyCount "52"]
[EventDate "2011.10.29"]
[EventType "team-tourn"]
[EventRounds "9"]
[WhiteTeam "BMS"]
[BlackTeam "Hillerod"]
[WhiteTeamCountry "DEN"]
[BlackTeamCountry "DEN"]

1. e4 c5 2. Nf3 d6 3. d4 cxd4 4. Nxd4 Nf6 5. Nc3 e6 6. f4 Nc6 7. Be3 Qc7 8. Nb3
Be7 9. Be2 O-O 10. O-O Bd7 11. Bf3 Rad8 12. Qe2 Bc8 13. Qf2 Qb8 14. Rfd1 Nd7
15. a4 b6 16. Qg3 Bb7 17. Kh1 Rfe8 18. a5 Nb4 19. Nd4 Nc5 20. axb6 axb6 21. Rd2
Bf6 22. f5 d5 23. Qxb8 Rxb8 24. fxe6 fxe6 25. Bg4 e5 26. exd5 exd4 0-1

[Event "XtraCon-Skakligaen"]
[Site "Denmark"]
[Date "2011.10.29"]
[Round "1.1"]
[White "Hillarp Persson, Tiger"]
[Black "Miton, Kamil"]
[Result "0-1"]
[WhiteElo "2535"]
[BlackElo "2628"]
[PlyCount "98"]
[EventDate "2011.10.29"]
[EventType "team-tourn"]
[EventRounds "9"]
[WhiteTeam "Bronshoj"]
[BlackTeam "Skanderborg"]
[WhiteTeamCountry "DEN"]
[BlackTeamCountry "DEN"]

1. e4 c6 2. c4 e5 3. Nf3 d6 4. d4 Nd7 5. Nc3 Ngf6 6. Be2 g6 7. O-O Bg7 8. d5
Qe7 9. Bg5 h6 10. Bh4 g5 11. Bg3 h5 12. h4 g4 13. Nd2 Bh6 14. Re1 Nc5 15. Bf1
a5 16. Nb3 Nfd7 17. Qc2 O-O 18. Nd1 cxd5 19. cxd5 Nxb3 20. axb3 f5 21. exf5 Nc5
22. b4 Bxf5 23. Qxf5 Rxf5 24. bxc5 Bf4 25. Ne3 Rff8 26. Nc4 Bxg3 27. fxg3 Qc7
28. cxd6 Rxf1+ 29. Rxf1 Qxc4 30. Rf5 Qc5+ 31. Kh2 Qxd6 32. Rg5+ Kh7 33. Rxh5+
Kg6 34. Rg5+ Kh6 35. Re1 Re8 36. Re4 Qxd5 37. Rexg4 Qc6 38. Rf5 Re6 39. Rg8 Kh7
40. Rff8 Re7 41. g4 Qc4 42. Rh8+ Kg7 43. h5 e4 44. h6+ Kg6 45. Rfg8+ Kf6 46.
g5+ Kf5 47. g6 Kg4 48. Rc8 Rc7 49. Rce8 Rc5 0-1